000 00509nam a2200217Ia 4500
003 OSt
005 20220928140137.0
006 a|||||r|||| 00| 0
007 ta
008 220927b |||||||| |||| 00| 0 eng d
024 _a6834
037 _cTextual
040 _aSDCL
_cSDCL
_beng
041 _2eng
_aeng
082 _aB262, M1
100 _aSzasz F A
_9494110
245 0 _aRadicals of rings .
260 _c1981
942 _hB262, M1
_cTEXL
_2CC
999 _c809993
_d809993